<?xml version="1.0" encoding="UTF-8"?>
<record
    xmlns:xsi="http://www.w3.org/2001/XMLSchema-instance"
    xsi:schemaLocation="http://www.loc.gov/MARC21/slim http://www.loc.gov/standards/marcxml/schema/MARC21slim.xsd"
    xmlns="http://www.loc.gov/MARC21/slim">

  <leader>04001njm a2200601Ia 4500</leader>
  <controlfield tag="001">A5946</controlfield>
  <controlfield tag="003">IT-RoPAU</controlfield>
  <controlfield tag="005">20220918181115.0</controlfield>
  <controlfield tag="008">131025s9999    xx            000 0 und d</controlfield>
  <datafield tag="040" ind1=" " ind2=" ">
    <subfield code="a">IT-RoPAU</subfield>
  </datafield>
  <datafield tag="040" ind1=" " ind2=" ">
    <subfield code="c">IT-RoPAU</subfield>
  </datafield>
  <datafield tag="999" ind1=" " ind2=" ">
    <subfield code="c">99323</subfield>
    <subfield code="d">99323</subfield>
  </datafield>
  <datafield tag="999" ind1=" " ind2=" ">
    <subfield code="b">n.d.</subfield>
  </datafield>
  <datafield tag="100" ind1=" " ind2=" ">
    <subfield code="a">AA.VV.</subfield>
    <subfield code="9">794</subfield>
  </datafield>
  <datafield tag="100" ind1=" " ind2=" ">
    <subfield code="e">Autore musica</subfield>
    <subfield code="9">28305</subfield>
  </datafield>
  <datafield tag="100" ind1=" " ind2=" ">
    <subfield code="g">Codice autore musica SPICS: 12000</subfield>
    <subfield code="9">796</subfield>
  </datafield>
  <datafield tag="245" ind1=" " ind2=" ">
    <subfield code="a">From Newport To Nice</subfield>
  </datafield>
  <datafield tag="250" ind1=" " ind2=" ">
    <subfield code="a">2a ed.</subfield>
  </datafield>
  <datafield tag="260" ind1=" " ind2=" ">
    <subfield code="a">MILANO</subfield>
  </datafield>
  <datafield tag="260" ind1=" " ind2=" ">
    <subfield code="b">RUSCONI</subfield>
    <subfield code="c">1992 [1a Ed.:0]</subfield>
  </datafield>
  <datafield tag="300" ind1=" " ind2=" ">
    <subfield code="a">COMPACT DISC</subfield>
  </datafield>
  <datafield tag="300" ind1=" " ind2=" ">
    <subfield code="c">76 minuti (Testo: 0 pag.)</subfield>
  </datafield>
  <datafield tag="500" ind1=" " ind2=" ">
    <subfield code="a">Musica jazz. Compact fuori commercio allegato al n. 3 della rivista "Musica jazz"</subfield>
  </datafield>
  <datafield tag="505" ind1=" " ind2=" ">
    <subfield code="a">Two Not One [(Newport jazz Festival, 16 luglio 1955) (6:00)] - My Melancholy Baby [(New York, dicembre 1955) (4:00)] - I'm Getting Sentimental Over You [(Friburgo, 10 gennaio 1956) (4:00)] - Easy Living [(Friburgo, 10 gennaio 1956) (4:00)] - Some of These Days [(Friburgo, 10 gennaio 1956) (5:00)] - Lover Man [(Friburgo, 10 gennaio 1956) (5:00)] - Will You Still Be Mine? [(Newport jazz Festival, 7 luglio 1958) (5:00)] - Round Midnight (6:00) - All the Things You Are [(Groningen, 21 ottobre 1965) (8:00)] - 317 East 32Nd Street (7:00) - At Twilight [(Colonia, 22 marzo 1968) (8:00)] - Lover Man [(Torino, 17 luglio 1978) (11:00)] - Body and Soul [(Nizza, 17 luglio 1980) (6:00)]</subfield>
  </datafield>
  <datafield tag="511" ind1=" " ind2=" ">
    <subfield code="a">Konitz Lee: alto; Marsh Warne: ten; Freeman Russ: p; Carter Bob: cb; Drootin Buzzy: batt</subfield>
  </datafield>
  <datafield tag="511" ind1=" " ind2=" ">
    <subfield code="a">Konitz Lee: alto; Smith Johnny: chit; Carrol Franck: cb; Lamond Don: batt</subfield>
  </datafield>
  <datafield tag="511" ind1=" " ind2=" ">
    <subfield code="a">Konitz Lee: alto; Kovac Roland: p; Fischer Johnny: cb; Sehring Rudi: batt</subfield>
  </datafield>
  <datafield tag="511" ind1=" " ind2=" ">
    <subfield code="a">Konitz Lee: alto; Fischer Johnny: cb</subfield>
  </datafield>
  <datafield tag="511" ind1=" " ind2=" ">
    <subfield code="a">Konitz Lee: alto; Grimes Henry: cb; Levinson Ed: batt</subfield>
  </datafield>
  <datafield tag="511" ind1=" " ind2=" ">
    <subfield code="a">Konitz Lee: alto; Thomas Ren&#xE9;: chit; Mengelberg Misha: p; Langereis Rob: cb; Bennink Han: batt</subfield>
  </datafield>
  <datafield tag="511" ind1=" " ind2=" ">
    <subfield code="a">Konitz Lee: alto; Zoller Attila: chit; Phillips Barre: cb; Martin Stu: batt</subfield>
  </datafield>
  <datafield tag="511" ind1=" " ind2=" ">
    <subfield code="a">Konitz Lee: alto; Rowles Jimmy: p; Mitchell Red: cb; Manne Shelly: batt</subfield>
  </datafield>
  <datafield tag="511" ind1=" " ind2=" ">
    <subfield code="a">Konitz Lee: alto; Raney Jimmy: chit</subfield>
  </datafield>
  <datafield tag="650" ind1=" " ind2=" ">
    <subfield code="a">JAZZ [COMPACT DISC]</subfield>
    <subfield code="e">Codice MATERIA SPICS: 9949</subfield>
    <subfield code="9">11822</subfield>
  </datafield>
  <datafield tag="700" ind1=" " ind2=" ">
    <subfield code="a">Konitz Lee</subfield>
    <subfield code="g">Codice interprete SPICS: 11301</subfield>
    <subfield code="e">Interprete</subfield>
    <subfield code="9">28306</subfield>
  </datafield>
  <datafield tag="700" ind1=" " ind2=" ">
    <subfield code="a">Tristano Lennie</subfield>
    <subfield code="g">Codice autore musica SPICS: 10677</subfield>
    <subfield code="e">Autore musica</subfield>
    <subfield code="p">Two Not One - 317 East 32Nd Street</subfield>
    <subfield code="9">28307</subfield>
  </datafield>
  <datafield tag="700" ind1=" " ind2=" ">
    <subfield code="a">Norton G.</subfield>
    <subfield code="g">Codice autore musica SPICS: 35879</subfield>
    <subfield code="e">Autore musica</subfield>
    <subfield code="p">My Melancholy Baby</subfield>
    <subfield code="9">28308</subfield>
  </datafield>
  <datafield tag="700" ind1=" " ind2=" ">
    <subfield code="a">Burnett E.</subfield>
    <subfield code="g">Codice autore SPICS: 20661</subfield>
    <subfield code="e">Autore</subfield>
    <subfield code="p">My Melancholy Baby</subfield>
    <subfield code="9">28309</subfield>
  </datafield>
  <datafield tag="700" ind1=" " ind2=" ">
    <subfield code="a">Washington</subfield>
    <subfield code="g">Codice autore musica SPICS: 20489</subfield>
    <subfield code="e">Autore musica</subfield>
    <subfield code="p">I'm Getting Sentimental Over You</subfield>
    <subfield code="9">28310</subfield>
  </datafield>
  <datafield tag="700" ind1=" " ind2=" ">
    <subfield code="a">Bassman G.</subfield>
    <subfield code="g">Codice autore SPICS: 21790</subfield>
    <subfield code="e">Autore</subfield>
    <subfield code="p">I'm Getting Sentimental Over You</subfield>
    <subfield code="9">28311</subfield>
  </datafield>
  <datafield tag="700" ind1=" " ind2=" ">
    <subfield code="a">Robin Leo</subfield>
    <subfield code="g">Codice autore musica SPICS: 20175</subfield>
    <subfield code="e">Autore musica</subfield>
    <subfield code="p">Easy Living</subfield>
    <subfield code="9">28312</subfield>
  </datafield>
  <datafield tag="700" ind1=" " ind2=" ">
    <subfield code="a">Rainger Ralph</subfield>
    <subfield code="g">Codice autore SPICS: 20269</subfield>
    <subfield code="e">Autore</subfield>
    <subfield code="p">Easy Living</subfield>
    <subfield code="9">28313</subfield>
  </datafield>
  <datafield tag="700" ind1=" " ind2=" ">
    <subfield code="a">Brooks S.</subfield>
    <subfield code="g">Codice autore musica SPICS: 27883</subfield>
    <subfield code="e">Autore musica</subfield>
    <subfield code="p">Some of These Days</subfield>
    <subfield code="9">28314</subfield>
  </datafield>
  <datafield tag="700" ind1=" " ind2=" ">
    <subfield code="a">Ramirez</subfield>
    <subfield code="g">Codice autore musica SPICS: 20479</subfield>
    <subfield code="e">Autore musica</subfield>
    <subfield code="p">Lover Man - Lover Man</subfield>
    <subfield code="9">28315</subfield>
  </datafield>
  <datafield tag="700" ind1=" " ind2=" ">
    <subfield code="a">Dennis Matt</subfield>
    <subfield code="g">Codice autore musica SPICS: 23712</subfield>
    <subfield code="e">Autore musica</subfield>
    <subfield code="p">Will You Still Be Mine?</subfield>
    <subfield code="9">28316</subfield>
  </datafield>
  <datafield tag="700" ind1=" " ind2=" ">
    <subfield code="a">Adair</subfield>
    <subfield code="g">Codice autore SPICS: 27797</subfield>
    <subfield code="e">Autore</subfield>
    <subfield code="p">Will You Still Be Mine?</subfield>
    <subfield code="9">28317</subfield>
  </datafield>
  <datafield tag="700" ind1=" " ind2=" ">
    <subfield code="a">Monk Thelonious</subfield>
    <subfield code="g">Codice autore musica SPICS: 10795</subfield>
    <subfield code="e">Autore musica</subfield>
    <subfield code="p">Round Midnight</subfield>
    <subfield code="9">28318</subfield>
  </datafield>
  <datafield tag="700" ind1=" " ind2=" ">
    <subfield code="a">Hammerstein Oscar</subfield>
    <subfield code="g">Codice autore musica SPICS: 15701</subfield>
    <subfield code="e">Autore musica</subfield>
    <subfield code="p">All the Things You Are</subfield>
    <subfield code="9">28319</subfield>
  </datafield>
  <datafield tag="700" ind1=" " ind2=" ">
    <subfield code="a">Korn</subfield>
    <subfield code="g">Codice autore SPICS: 25580</subfield>
    <subfield code="e">Autore</subfield>
    <subfield code="p">All the Things You Are</subfield>
    <subfield code="9">28320</subfield>
  </datafield>
  <datafield tag="700" ind1=" " ind2=" ">
    <subfield code="a">Pinkard Maceo</subfield>
    <subfield code="g">Codice autore musica SPICS: 16174</subfield>
    <subfield code="e">Autore musica</subfield>
    <subfield code="p">At Twilight</subfield>
    <subfield code="9">28322</subfield>
  </datafield>
  <datafield tag="700" ind1=" " ind2=" ">
    <subfield code="a">Sour R.</subfield>
    <subfield code="g">Codice autore musica SPICS: 20664</subfield>
    <subfield code="e">Autore musica</subfield>
    <subfield code="p">Body and Soul</subfield>
    <subfield code="9">28323</subfield>
  </datafield>
  <datafield tag="700" ind1=" " ind2=" ">
    <subfield code="a">Green John</subfield>
    <subfield code="g">Codice autore SPICS: 29755</subfield>
    <subfield code="e">Autore</subfield>
    <subfield code="p">Body and Soul</subfield>
    <subfield code="9">28324</subfield>
  </datafield>
  <datafield tag="942" ind1=" " ind2=" ">
    <subfield code="c">CD</subfield>
    <subfield code="2">ddc</subfield>
  </datafield>
  <datafield tag="952" ind1=" " ind2=" ">
    <subfield code="0">0</subfield>
    <subfield code="1">0</subfield>
    <subfield code="4">0</subfield>
    <subfield code="6">A_5946_000000000000000</subfield>
    <subfield code="7">1</subfield>
    <subfield code="a">SPICS</subfield>
    <subfield code="b">SPICS</subfield>
    <subfield code="d">2013-10-25</subfield>
    <subfield code="l">0</subfield>
    <subfield code="o">A5946</subfield>
    <subfield code="r">2013-10-25 00:00:00</subfield>
    <subfield code="w">2013-10-25</subfield>
    <subfield code="y">CD</subfield>
    <subfield code="z">Progr. Ins.: 326 / N.Vol.: 1 / Copie: 1 - Copia rara: n.d. / date import: 01.01.2014 - By Epidotti, Trombetti, Vaglietti</subfield>
  </datafield>
</record>
